Address green issues now or get caught in 2006 (Record no. 75116)

MARC details
000 -LEADER
fixed length control field 01137cab a2200205 4500
001 - CONTROL NUMBER
control field L129453
008 - FIXED-LENGTH DATA ELEMENTS--GENERAL INFORMATION
fixed length control field 050420n2005 000 0 eng u
035 ## - SYSTEM CONTROL NUMBER
System control number (Sirsi) u129453
041 ## - LANGUAGE CODE
Language code of text/sound track or separate title eng
100 ## - MAIN ENTRY--PERSONAL NAME
Personal name Boden, Paul
245 ## - TITLE STATEMENT
Title Address green issues now or get caught in 2006
260 ## - PUBLICATION, DISTRIBUTION, ETC.
Date of publication, distribution, etc. 2005
490 ## - SERIES STATEMENT
Series statement Property Week
Volume/sequential designation 70(14) 8 April 2005, 69(1)
520 ## - SUMMARY, ETC.
Summary, etc. Examines the proposed changes to the Building Regulations 2000 Approved Documents L1 and L2 (2002 edition). These Approved Documents deal with the conservation of fuel and power so changes could affect the way buildings are designed, as there will be a need to examine alternative energy sources, better insulation and different heating systems. This would affect development feasibility calculations as construction costs could rise and some buildings that have been designed may not be able to be built as previously planned.
590 ## - LOCAL NOTE (RLIN)
Local note IKA290405
650 ## - SUBJECT ADDED ENTRY--TOPICAL TERM
Topical term or geographic name entry element BUILDING REGULATIONS 2000 APPROVED DOCUMENT L1 (2002 EDITION)
650 ## - SUBJECT ADDED ENTRY--TOPICAL TERM
Topical term or geographic name entry element BUILDING REGULATIONS 2000 APPROVED DOCUMENT L2 (2002 EDITION)
690 ## - LOCAL SUBJECT ADDED ENTRY--TOPICAL TERM (OCLC, RLIN)
Topical term or geographic name as entry element Building regulations
9 (RLIN) 6224
942 ## - ADDED ENTRY ELEMENTS (KOHA)
Suppress in OPAC 0
Holdings
Withdrawn status Lost status Source of classification or shelving scheme Damaged status Not for loan Home library Current library Shelving location Date acquired Total Checkouts Full call number Barcode Date last seen Copy number Price effective from Koha item type
    Dewey Decimal Classification     London London Journal article 20/04/2005   L129453 129453-1001 06/08/2019 1 06/08/2019 Journal article